Normal view
MARC view
- Jones, Vernon V. S.
Entry Personal Name
001 - CONTROL NUMBER
- control field: 11264
003 - CONTROL NUMBER IDENTIFIER
- control field: NUST
005 - DATE AND TIME OF LATEST TRANSACTION
- control field: 20180626052519.0
008 - FIXED-LENGTH DATA ELEMENTS
- fixed length control field: 180626|| aca||aabn | a|a d
040 ## - CATALOGING SOURCE
- Original cataloging agency: NUST
- Transcribing agency: NUST
100 ## - HEADING--PERSONAL NAME
- Personal name: Jones, Vernon V. S.
670 ## - SOURCE DATA FOUND
- Source citation: Work cat.: (NUST)48226: Jones, Vernon V. S., Aesopi fabulae /, 1994.
